Antarmukha: vyaktichitra mattu itara lekhanagalu (Record no. 120601)
[ view plain ]
| 000 -LEADER | |
|---|---|
| fixed length control field | 00830nam a2200265Ia 4500 |
| 003 - CONTROL NUMBER IDENTIFIER | |
| control field | OSt |
| 005 - DATE AND TIME OF LATEST TRANSACTION | |
| control field | 20240518120531.0 |
| 008 - FIXED-LENGTH DATA ELEMENTS--GENERAL INFORMATION | |
| fixed length control field | 210210b2013 xxu||||| |||| 00| 0 eng d |
| 020 ## - INTERNATIONAL STANDARD BOOK NUMBER | |
| International Standard Book Number | 9788192301280 |
| 040 ## - CATALOGING SOURCE | |
| Transcribing agency | AL |
| 041 ## - LANGUAGE CODE | |
| Language code of text/sound track or separate title | Kannada |
| 082 ## - DEWEY DECIMAL CLASSIFICATION NUMBER | |
| Classification number | K894.4 VINA |
| 100 ## - MAIN ENTRY--PERSONAL NAME | |
| Personal name | VINA BANNANJE |
| Dates associated with a name | ವೀಣಾ ಬನ್ನಂಜೆ |
| 9 (RLIN) | 166104 |
| 245 ## - TITLE STATEMENT | |
| Title | Antarmukha: vyaktichitra mattu itara lekhanagalu |
| Remainder of title | ಅಂತರ್ಮುಖ: ವ್ಯಕ್ತಿಚಿತ್ರ ಮತ್ತು ಇತರ ಲೇಖನಗಳು |
| 260 ## - PUBLICATION, DISTRIBUTION, ETC. | |
| Place of publication, distribution, etc. | Hosapete |
| Name of publisher, distributor, etc. | Yaji Prakashana |
| Date of publication, distribution, etc. | 2013 |
| 300 ## - PHYSICAL DESCRIPTION | |
| Extent | 106 |
| 650 ## - SUBJECT ADDED ENTRY--TOPICAL TERM | |
| Topical term or geographic name entry element | vyaktichitra |
| 9 (RLIN) | 166105 |
| 650 ## - SUBJECT ADDED ENTRY--TOPICAL TERM | |
| Topical term or geographic name entry element | mattu |
| 9 (RLIN) | 166106 |
| 650 ## - SUBJECT ADDED ENTRY--TOPICAL TERM | |
| Topical term or geographic name entry element | lekhanagalu |
| 9 (RLIN) | 166107 |
| 650 ## - SUBJECT ADDED ENTRY--TOPICAL TERM | |
| Topical term or geographic name entry element | itara |
| 9 (RLIN) | 166108 |
| 650 ## - SUBJECT ADDED ENTRY--TOPICAL TERM | |
| Topical term or geographic name entry element | Antarmukha: |
| 9 (RLIN) | 166109 |
| 690 ## - LOCAL SUBJECT ADDED ENTRY--TOPICAL TERM (OCLC, RLIN) | |
| Topical term or geographic name as entry element | Kannada Prose |
| 9 (RLIN) | 166110 |
| 906 ## - LOCAL DATA ELEMENT F, LDF (RLIN) | |
| a | 071260 |
| 942 ## - ADDED ENTRY ELEMENTS (KOHA) | |
| Source of classification or shelving scheme | Dewey Decimal Classification |
| Koha item type | Book |
| Withdrawn status | Lost status | Damaged status | Not for loan | Collection code | Home library | Current library | Shelving location | Date acquired | Source of acquisition | Cost, normal purchase price | Total Checkouts | Full call number | Barcode | Date last seen | Price effective from | Koha item type |
|---|---|---|---|---|---|---|---|---|---|---|---|---|---|---|---|---|
| St Aloysius Library | St Aloysius Library | 02/17/2021 | Navakarnataka Publication Pvt Ltd., Mangalore | 80.00 | K894.4 VINA | 071260 | 02/17/2021 | 02/17/2021 | Book |